000 00598nam a2200193 4500
001 115818
003 ES-MaACL
005 20230906190551.0
007 t|
008 061121s1946 sp r ||||1| cat d
100 1 _aNadal, Joaquín María de.
_984796
245 1 0 _aCromos de la vida vuicentista
_b: memories d'un berceloní /
_cJoaquín María de Nadal.
260 _aBarcelona :
_bDalmau,
_c1946.
300 _a285 p. ;
_c18 cm.
490 1 _aBiblioteca nova renaixenca
830 0 _aBiblioteca nova renaixenca
_9233275
852 _aES-MaACL
_jB-10480
_bR.22406
999 _c115818
_d115818